[Event "ROM-chT"]
[Site "ROM"]
[Date "1994.??.??"]
[Round "?"]
[White "Litinskaya, Marta I"]
[Black "Negulescu Dan, Sorina"]
[Result "1-0"]
[WhiteElo "2290"]
[BlackElo "2030"]

1.d4 Nf6 2.c4 e6 3.Nf3 Bb4+ 4.Nbd2 O-O 5.a3 Be7 6.e4 a5 7.Bd3 d6 8.O-O Nfd7
9.b3 e5 10.Bb2 Bf6 11.d5 Re8 12.Re1 Nf8 13.Bf1 g6 14.Qc2 Na6 15.Bc3 b6 16.b4 axb4
17.axb4 Bb7 18.Ra3 Nb8 19.Rxa8 Bxa8 20.Ra1 Bb7 21.c5 dxc5 22.bxc5 bxc5 23.Qb2 Qc8
24.Ra7 Ba6 25.Nxe5 Bxf1 26.Kxf1 Nfd7 27.Ng4 Bxc3 28.Qxc3 h5 29.Nh6+ Kf8 30.Qh8+ Ke7
31.Qg7 Rf8 32.e5 Na6 33.e6 Nf6 34.exf7 Qd7 35.Ng8+  1-0

[Event "ROM-chT"]
[Site "ROM"]
[Date "1994.??.??"]
[Round "?"]
[White "Orita, Ana Maria"]
[Black "Mereacre, Natasa"]
[Result "1-0"]
[WhiteElo "2040"]
[BlackElo "2115"]

1.d4 Nf6 2.c4 e6 3.Nf3 Bb4+ 4.Nbd2 Ne4 5.a3 Bxd2+ 6.Nxd2 Nxd2 7.Bxd2 Nc6
8.Bc3 O-O 9.e3 d5 10.Qf3 Qf6 11.Qg3 Qg6 12.Qxg6 fxg6 13.f4 Bd7 14.Bd3 Rae8
15.O-O Bc8 16.e4 e5 17.fxe5 Rxf1+ 18.Rxf1 dxe4 19.d5 Nb8 20.Bxe4  1-0

[Event "San Martin"]
[Site "San Martin"]
[Date "1994.??.??"]
[Round "9"]
[White "Sorin, Ariel"]
[Black "Hernandez, Roman"]
[Result "1-0"]
[WhiteElo "2470"]
[BlackElo "2450"]

1.d4 Nf6 2.c4 e6 3.Nf3 Bb4+ 4.Nbd2 d5 5.e3 O-O 6.a3 Be7 7.Bd3 b6 8.b4 c5
9.bxc5 bxc5 10.cxd5 exd5 11.dxc5 Bxc5 12.O-O Bg4 13.Bb2 Nbd7 14.Qa4 Bd6 15.Rac1 Qe7
16.Rc2 Rab8 17.Qxa7 Ne4 18.Qd4 Ndf6 19.Ba1 Rfe8 20.h3 Bf5 21.g4 Bxg4 22.Bxe4 dxe4
23.hxg4 Qd7 24.Nh2 Bxh2+ 25.Kxh2 Qxg4 26.f3 Qh4+ 27.Kg2 Rb5 28.Nxe4 Qh6 29.Nxf6+ gxf6
30.Kg1 Qxe3+ 31.Qxe3 Rxe3 32.Bxf6 h5 33.Kf2  1-0

[Event "San Sebastian op"]
[Site "San Sebastian"]
[Date "1994.??.??"]
[Round "8"]
[White "Franco Ocampo, Zenon"]
[Black "Kurajica, Bojan"]
[Result "1/2-1/2"]
[WhiteElo "2475"]
[BlackElo "2565"]

1.d4 Nf6 2.Nf3 e6 3.c4 Bb4+ 4.Nbd2 b6 5.a3 Bxd2+ 6.Qxd2 Bb7 7.e3 O-O 8.Be2 a5
9.b3 d6 10.O-O Nbd7 11.Bb2 c5 12.Rad1 Rc8 13.dxc5 Ne4 14.Qc2 bxc5 15.Nd2 Nef6
16.Nb1 Be4 17.Qc1 Qb6 18.Nc3 Ba8 19.Nb5 d5 20.Qc3 Bc6 21.a4 Rfd8 22.Rd3 e5
23.cxd5 Bxd5 24.Rfd1 Qe6 25.Na3 Ne4 26.Qc2 Nef6 27.Qc3 Ne4 28.Qc2 Nef6 29.Qc3  1/2-1/2

[Event "Sevilla op"]
[Site "Sevilla"]
[Date "1994.??.??"]
[Round "5"]
[White "Yakovich, Yuri"]
[Black "Izeta Txabarri, Felix"]
[Result "0-1"]
[WhiteElo "2520"]
[BlackElo "2460"]

1.d4 Nf6 2.c4 e6 3.Nf3 Bb4+ 4.Nbd2 b6 5.a3 Bxd2+ 6.Qxd2 Bb7 7.e3 d6 8.Be2 Nbd7
9.O-O O-O 10.b4 Ne4 11.Qd3 Qe7 12.Bb2 f5 13.Nd2 Rf6 14.f3 Nxd2 15.Qxd2 Rh6
16.Rf2 Rf8 17.a4 e5 18.a5 f4 19.exf4 exf4 20.axb6 axb6 21.Ra7 Qh4 22.h3 Bc8
23.Rxc7 Qg3 24.c5 Rxh3 25.Bc4+ Kh8 26.Be6 Qh2+ 27.Kf1 Qh1+ 28.Ke2 Ba6+ 29.Qd3 Bxd3+
30.Kxd3 Qb1+ 31.Kc4 Qa2+  0-1

[Event "St Petersburg op"]
[Site "St Petersburg"]
[Date "1994.??.??"]
[Round "4"]
[White "Dokuchaev, Aleksander"]
[Black "Aleksandrov, Aleksej"]
[Result "1-0"]
[WhiteElo "2400"]
[BlackElo "2535"]

1.d4 Nf6 2.c4 e6 3.Nf3 Bb4+ 4.Nbd2 O-O 5.a3 Be7 6.e3 b6 7.Bd3 Bb7 8.O-O c5
9.b3 d6 10.Bb2 Nbd7 11.Qe2 Rc8 12.Rac1 Rc7 13.b4 Qa8 14.e4 cxd4 15.Nxd4 Ne5
16.Bb1 Ng6 17.f4 e5 18.Nb5 Rcc8 19.f5 Nf4 20.Qe3 a6 21.Nc3 b5 22.g3 Nh3+
23.Kg2 Ng5 24.Nd5 Nxd5 25.cxd5 h6 26.h4 Nh7 27.Nb3 Nf6 28.Kh3 Bd8 29.Na5 Nd7
30.Nxb7 Bb6 31.Qd2 Qxb7 32.Rc6 Rxc6 33.dxc6 Qxc6 34.Rc1 Qb7 35.Qxd6 Re8 36.Ba2 Nf6
37.Rc6 Nxe4 38.Qd5 Nf2+ 39.Kg2 Re7 40.f6 gxf6 41.Rxf6 Ng4 42.Rg6+ Kf8 43.Qxb7 Ne3+
44.Kf3 Rxb7 45.Rxh6 Nf5 46.Rh8+ Ke7 47.Bxe5 Rd7 48.Rh7 Rd3+ 49.Ke4 Rxa3 50.Rxf7+ Ke8
51.Kxf5 Rxa2 52.Ke6 Re2 53.Rg7 Kf8 54.Rb7 Bd8 55.Rh7  1-0

[Event "Rilton Cup9495"]
[Site "Stockholm"]
[Date "1994.??.??"]
[Round "9"]
[White "Bellon Lopez, Juan Manuel"]
[Black "Sandstrom, Ludvig"]
[Result "0-1"]
[WhiteElo "2480"]
[BlackElo "2320"]

1.d4 Nf6 2.c4 e6 3.Nf3 Bb4+ 4.Nbd2 b6 5.a3 Bxd2+ 6.Qxd2 Bb7 7.e3 d6 8.Qc2 Qe7
9.b3 Nbd7 10.Bb2 Be4 11.Bd3 Bxd3 12.Qxd3 O-O 13.Qc2 c5 14.O-O Rac8 15.dxc5 bxc5
16.Rad1 Rc6 17.Rd3 Rb8 18.Nd2 Rcb6 19.Rd1 e5 20.f3 Qe6 21.e4 Nf8 22.Nf1 Ng6
23.g3 Ne8 24.Ne3 Ne7 25.R1d2 Qc8 26.Kg2 a5 27.a4 f6 28.Qc3 Qa6 29.Bc1 Nc7
30.Qc2 Ne6 31.Qd1 Nd4 32.Rb2 Rb4 33.Rbd2 R8b6 34.Nc2 Rxb3 35.Nxd4 Rxd3 36.Nb5 Rxd2+
37.Bxd2 Qb7 38.Bxa5 Ra6 39.Bc3 Qc6 40.a5 f5 41.Qd3 fxe4 42.fxe4 Nf5 43.Qf3 Nh6
44.Bd2 Nf7 45.Qd3 Ra8 46.Kf2 Rf8 47.Ke1 Nd8 48.Qd5+ Kh8 49.Ke2 Qd7 50.Kd3 Nc6
51.a6 Ne7 52.Qb7 Qxb7 53.axb7 Nc6 54.Be3 Rd8 55.Bd2 Kg8 56.Kc3 Rd7 57.Kc2 Rxb7
58.Nxd6 Nd4+ 59.Kd3 Rd7  0-1

[Event "SWZ-chT"]
[Site "SWZ"]
[Date "1994.??.??"]
[Round "5"]
[White "Rueetschi, Urs"]
[Black "Milosevic, Goran"]
[Result "1/2-1/2"]
[WhiteElo "2265"]
[BlackElo "2395"]

1.d4 Nf6 2.Nf3 e6 3.c4 Bb4+ 4.Nbd2 O-O 5.g3 d5 6.Bg2 b6 7.O-O Bb7 8.Qc2 dxc4
9.Nxc4 Be4 10.Qa4 a5 11.a3 Be7 12.Rd1 Qd5 13.Ne3 Qh5 14.h3 Bc6 15.Qc2 Qb5
16.Bf1 a4 17.Ne5 Ra7 18.Nxc6 Qxc6 19.Bg2 Qxc2 20.Nxc2 c5 21.dxc5 Bxc5 22.Be3 Nbd7
23.Rd2 Bxe3 24.Nxe3 Rc8 25.Rad1 Kf8 26.Nc2 Rac7 27.Nb4 Ke7 28.Kf1 g5 29.Ke1 h5
30.Rd6 h4 31.gxh4 gxh4 32.Nc6+ Kf8 33.R1d4 Nc5 34.Ne5 Nb3 35.Rd1 Rc2 36.Rxb6 Rxb2
37.Rb4 Rcc2 38.Bf3 Nd5 39.Rxh4 Nc3 40.Rd8+ Ke7 41.Nc6+ Kf6 42.Rf4+ Kg7 43.Rg4+ Kf6
44.Rf4+ Kg7 45.Rg4+  1/2-1/2

[Event "SWZ-chT"]
[Site "SWZ"]
[Date "1994.??.??"]
[Round "7"]
[White "Huss, Andreas"]
[Black "Adler, Joel"]
[Result "1-0"]
[WhiteElo "2420"]
[BlackElo "2320"]

1.d4 Nf6 2.Nf3 e6 3.c4 Bb4+ 4.Nbd2 d5 5.Qa4+ Nc6 6.a3 Bxd2+ 7.Bxd2 Ne4 8.e3 Nxd2
9.Nxd2 O-O 10.Nf3 e5 11.Nxe5 Nxe5 12.dxe5 d4 13.Rd1 c5 14.exd4 cxd4 15.c5 Qg5
16.Qxd4 Bf5 17.h4 Qg6 18.h5 Qg5 19.Qh4 Qxh4 20.Rxh4 Rfe8 21.Rd5 Be6 22.Rd6 Bf5
23.f4 Rec8 24.g4 Be6 25.b4 a5 26.f5 axb4 27.axb4 Bb3 28.Rh3  1-0

[Event "ISR-ch"]
[Site "Tel Aviv"]
[Date "1994.??.??"]
[Round "10"]
[White "Mikhalevski, Alexander"]
[Black "Zoler, Dan"]
[Result "0-1"]
[WhiteElo "2455"]
[BlackElo "2420"]

1.d4 Nf6 2.c4 e6 3.Nf3 Bb4+ 4.Nbd2 b6 5.a3 Bxd2+ 6.Qxd2 Bb7 7.b3 d6 8.g3 a5
9.Bg2 O-O 10.O-O Nbd7 11.Bb2 a4 12.b4 b5 13.c5 Bd5 14.Qc2 Be4 15.Qc1 Nd5
16.Ne1 Bxg2 17.Nxg2 f5 18.cxd6 cxd6 19.Qc6 Rb8 20.f3 N7f6 21.Rae1 Rf7 22.Qc2 Rc7
23.Qd3 Qd7 24.e4 fxe4 25.fxe4 Nb6 26.Nf4 Nc4 27.Bc1 e5 28.Nd5 Nxd5 29.exd5 Qg4
30.Re4 Qg6 31.Qe2 Rf7 32.dxe5 Rxf1+ 33.Kxf1 dxe5 34.Kg1 Rd8 35.Rg4 Qb6+ 36.Qf2 Qxf2+
37.Kxf2 Rxd5 38.Ke2 Kf7 39.h4 Rd7 40.h5 Ke6 41.h6 g6 42.Rh4 Nd6 43.g4 Rc7
44.Rh1 Rc2+ 45.Kf3 Rc3+ 46.Ke2 Nc4 47.Rf1 Nxa3 48.Bxa3 Rxa3 49.g5 Rg3 50.Rf6+ Kd5
51.Rf7 Kc4 52.Rxh7 Rxg5 53.Kd2 Rh5 54.Rc7+ Kxb4 55.h7 a3  0-1

[Event "Val Thorens Principal"]
[Site "Val Thorens"]
[Date "1994.??.??"]
[Round "3"]
[White "Piva, Giorgio"]
[Black "Lalic, Susan"]
[Result "1/2-1/2"]
[WhiteElo "2255"]
[BlackElo "2375"]

1.d4 Nf6 2.c4 e6 3.Nf3 Bb4+ 4.Nbd2 b6 5.a3 Bxd2+ 6.Bxd2 Bb7 7.Bf4 d6 8.e3 Nbd7
9.h3 O-O 10.Be2 Qe7 11.O-O e5 12.dxe5 dxe5 13.Bh2 a5 14.Qc2 Ne4 15.Rfd1 f6
16.Ne1 a4 17.f3 Nec5 18.Bg3 Rfd8 19.Rab1 g6 20.Qc3 Nb3 21.Nc2 c5 22.Na1 Na5
23.Rd2 Nf8 24.Rbd1 Ne6 25.Qc2 Bc6 26.Be1 Rxd2 27.Bxd2 Nb7 28.Bc3 Kf7 29.Rd2 Nd4
30.exd4 exd4 31.Rd3 dxc3 32.Rxc3 Re8 33.Bf1 Qe1 34.Qc1 g5 35.Kh2 Nd6 36.Bd3 Qe5+
37.Kg1 Bxf3 38.Nc2 Ne4 39.Bxe4 Bxe4 40.Re3 f5 41.Re2 f4 42.Ne1 Qd4+ 43.Kh2 Rd8
44.Kh1 Kf6 45.Kh2 Kf5 46.Nf3 Bxf3 47.gxf3 Qd1 48.Qc2+ Qxc2 49.Rxc2 h5 50.Kg2 Rd3  1/2-1/2

[Event "Val Thorens Principal"]
[Site "Val Thorens"]
[Date "1994.??.??"]
[Round "5"]
[White "Mollov, Elin"]
[Black "Lalic, Susan"]
[Result "0-1"]
[WhiteElo "2370"]
[BlackElo "2375"]

1.d4 Nf6 2.c4 e6 3.Nf3 Bb4+ 4.Nbd2 b6 5.g3 Bb7 6.Bg2 O-O 7.O-O d5 8.Ne5 Nbd7
9.Ndf3 Be7 10.Qa4 c5 11.cxd5 Nxe5 12.Nxe5 Bxd5 13.Nc6 Qd7 14.Nxe7+ Qxe7 15.dxc5 Bxg2
16.Kxg2 Qxc5 17.Be3 Qh5 18.f3 Rfd8 19.Rad1 Nd5 20.Bc1 b5 21.Qb3 a5 22.e4 a4
23.Qc2 Rdc8 24.Qd2 Nf6 25.b3 a3 26.Bxa3 h6 27.Be7 Qg6 28.Rc1 Kh7 29.Rxc8 Rxc8
30.Rc1 Ra8 31.Rc2 Ra7 32.Bc5 Rd7 33.Qe2 Rb7 34.Bd4 h5 35.h4 Nd7 36.Rc8 e5
37.Be3 Qe6 38.Qc2 Nb6 39.Rc6 Nc4 40.Rxc4 bxc4 41.Qxc4 Re7 42.Qe2 Qc6 43.Kf2 Qb7
44.Qb2 f6 45.b4 Qc8 46.Bc5 Qh3 47.Qd2 Rd7 48.Qe2 Qh2+ 49.Kf1 Qh3+ 50.Kf2 Qh2+
51.Kf1 Qxg3 52.a4 Qxh4 53.a5 Qh1+ 54.Bg1 Rc7 55.Qd1 h4 56.f4 g6 57.f5 Qxe4
58.fxg6+ Kxg6 59.Bc5 h3 60.Qd8 Qg2+ 61.Ke1 h2 62.Qe8+ Kh7  0-1

[Event "Vantaa op2"]
[Site "Vantaa"]
[Date "1994.??.??"]
[Round "6"]
[White "Yrjola, Jouni"]
[Black "Raaste, Eero J"]
[Result "1-0"]
[WhiteElo "2440"]
[BlackElo "2350"]

1.d4 e6 2.Nf3 Nf6 3.c4 Bb4+ 4.Nbd2 a5 5.Qc2 d5 6.a3 Bxd2+ 7.Bxd2 a4 8.Bg5 c6
9.e3 Qa5+ 10.Qd2 Nbd7 11.Rc1 dxc4 12.Bxc4 c5 13.dxc5 Ne4 14.Qxa5 Rxa5 15.Bf4 Rxc5
16.Nd2 Nxd2 17.Kxd2 e5 18.Bg3 Ke7 19.f3 Rd8 20.Ke2 Nb6 21.Bd3 Rcd5 22.Rhd1 h6
23.e4 Ra5 24.Be1 Ra8 25.Rc5 Be6 26.Rxe5 Nc4 27.Bxc4 Kf6 28.Bxe6  1-0

[Event "LTU-ch  Vilnius"]
[Site "Vilnius"]
[Date "1994.??.??"]
[Round "3"]
[White "Kaunas, Kestutis"]
[Black "Butnorius, Algimantas"]
[Result "1-0"]
[WhiteElo "2325"]
[BlackElo "2450"]

1.d4 e6 2.c4 Nf6 3.Nf3 Bb4+ 4.Nbd2 b6 5.a3 Bxd2+ 6.Bxd2 Bb7 7.Bg5 h6 8.Bh4 d6
9.e3 Nbd7 10.Be2 g5 11.Bg3 Ne4 12.Qc2 Ndf6 13.Bd3 Qe7 14.O-O-O a5 15.Ne1 a4
16.f3 Nxg3 17.hxg3 c5 18.Qc3 Kd7 19.Nc2 Kc7 20.dxc5 bxc5 21.e4 e5 22.Ne3 Bc8
23.f4 Bb7 24.fxg5 Nxe4 25.Bxe4 Bxe4 26.Rxh6 Rxh6 27.gxh6 Kc6 28.Qd2 Qe6 29.Rh1 Bh7
30.g4 Ra7 31.Qd5+ Qxd5 32.Nxd5 Ra8 33.Rf1 Bd3 34.Rxf7 Bxc4 35.Ne7+ Kb5 36.Rg7 Bd3
37.g5 Rf8 38.h7  1-0

[Event "Vladivostok"]
[Site "Vladivostok"]
[Date "1994.??.??"]
[Round "1"]
[White "Yakovich, Yuri"]
[Black "Zayac, Elena"]
[Result "1-0"]
[WhiteElo "2515"]
[BlackElo "2325"]

1.d4 Nf6 2.c4 e6 3.Nf3 Bb4+ 4.Nbd2 O-O 5.a3 Be7 6.e4 d5 7.e5 Nfd7 8.b4 b6
9.cxd5 exd5 10.Qb3 Re8 11.Bb2 Nf8 12.Rc1 c6 13.Bd3 a5 14.O-O axb4 15.axb4 b5
16.Ra1 Na6 17.Bc3 g6 18.Ne1 Ne6 19.f4 Qb6 20.Qb2 f5 21.Nb3 Ra7 22.Nc2 Bf8
23.Bd2 Rf7 24.Qc3 h6 25.Be2 Bb7 26.Kh1 Qd8 27.Qh3 Nb8 28.Ne3 Na6 29.g4 fxg4
30.Qxg4 Rg7 31.f5 Bxb4 32.fxe6 Bxd2 33.Nxd2 Nc7 34.Rf6 h5 35.Qg3 Rxe6 36.Rg1 g5
37.Nf5 h4 38.Qd3 Rxf6 39.exf6 Qxf6 40.Nxg7  1-0

[Event "CAN-op"]
[Site "Winnipeg"]
[Date "1994.??.??"]
[Round "9"]
[White "Yip, Michael"]
[Black "Gentes, Kevin"]
[Result "1/2-1/2"]
[WhiteElo "2080"]
[BlackElo "2305"]

1.d4 Nf6 2.c4 e6 3.Nf3 Bb4+ 4.Nbd2 b6 5.a3 Bxd2+ 6.Bxd2 Bb7 7.Bg5 d6 8.e3 Nbd7
9.Bd3 h6 10.Bh4 O-O 11.O-O Qe8 12.Nd2 e5 13.b4 e4 14.Be2 Nh7 15.Qb3 g5 16.Bg3 f5
17.f4 g4 18.c5+ Kg7 19.Rfc1 Ndf6 20.b5 Bd5 21.Qb4 Qe7 22.a4  1/2-1/2

[Event "Aceimar op"]
[Site "Aceimar"]
[Date "1995.??.??"]
[Round "?"]
[White "Estremera Panos, Sergio"]
[Black "Adla, Diego"]
[Result "0-1"]
[WhiteElo "2320"]
[BlackElo "2440"]

1.d4 Nf6 2.c4 e6 3.Nf3 Bb4+ 4.Nbd2 b6 5.a3 Bxd2+ 6.Bxd2 Bb7 7.Bg5 d6 8.e3 Nbd7
9.Qc2 Qe7 10.Rd1 h6 11.Bh4 a5 12.b3 Kf8 13.Bd3 g5 14.Bg3 h5 15.h3 h4 16.Bh2 g4
17.hxg4 h3 18.Bg3 Kg7 19.e4 hxg2 20.Rg1 Nxg4 21.Rxg2 f5 22.Nh2 Kf7 23.Nxg4 fxg4
24.Qe2 Rag8 25.Kd2 Ke8 26.b4 Qg7 27.Qe3 Rf8 28.Be2 axb4 29.axb4 Qg6 30.d5 Rh7
31.Rgg1 exd5 32.exd5+ Re7 33.Qd4 Qh6+ 34.Kd3 Qg6+ 35.Kd2 Qg5+ 36.Kd3 Nf6
37.Rge1 Nxd5 38.Qxg4 Re3+ 39.Kc2 Nxb4+ 40.Kb1 Be4+  0-1

[Event "Aegina op"]
[Site "Aegina"]
[Date "1995.??.??"]
[Round "7"]
[White "Nenashev, Alexander"]
[Black "Vratonjic, Slobodan"]
[Result "1-0"]
[WhiteElo "2585"]
[BlackElo "2445"]

1.d4 Nf6 2.c4 e6 3.Nf3 Bb4+ 4.Nbd2 d5 5.e3 O-O 6.a3 Be7 7.Bd3 b6 8.O-O Bb7
9.cxd5 exd5 10.b4 c5 11.bxc5 bxc5 12.dxc5 Bxc5 13.Nb3 Bb6 14.a4 Ba6 15.Bb2 Bxd3
16.Bxf6 Qxf6 17.Qxd3 Rd8 18.a5 Bc7 19.Rfc1 Bd6 20.Nbd4 Nd7 21.Nc6 Nc5 22.Qd4 Qxd4
23.Nfxd4 Rd7 24.Rab1 g6 25.g3 Bf8 26.Rb5 Na6 27.Ne5 Rc7 28.Rc6 Rxc6 29.Nexc6 Nc5
30.Nb3 Nxb3 31.Rxb3 a6 32.Rb7 Rc8 33.Rb6 Ra8 34.Rb7 Rc8 35.Ne5 Bg7 36.Nxf7 h6
37.Rd7 Rc5 38.Nd8 Rxa5 39.Nc6 Ra1+ 40.Kg2 a5 41.Ne7+ Kf7 42.Nxd5+ Kg8 43.Ne7+ Kf7
44.Ra7 Ke6 45.Nxg6 Bc3 46.f4 a4 47.e4 a3 48.f5+ Kf6 49.Ra6+ Kg7 50.e5 a2
51.Ra7+ Kg8 52.f6 Rg1+ 53.Kh3  1-0

[Event "Donner mem op"]
[Site "Amsterdam"]
[Date "1995.??.??"]
[Round "9"]
[White "Bodicker, Rob"]
[Black "Giddins, Stephen"]
[Result "1-0"]
[WhiteElo "2185"]
[BlackElo "2345"]

1.d4 Nf6 2.c4 e6 3.Nf3 Bb4+ 4.Nbd2 b6 5.g3 Bb7 6.Bg2 O-O 7.O-O d5 8.Ne5 Bd6
9.Ndf3 c5 10.b3 Na6 11.Bb2 Qe7 12.e3 Rfd8 13.Qe2 Ne4 14.cxd5 exd5 15.Nh4 Qe6
16.f4 Nf6 17.f5  1-0

[Event "Ano Liosia op"]
[Site "Ano Liosia"]
[Date "1995.??.??"]
[Round "8"]
[White "Kotronias, Vasilios"]
[Black "Kalesis, Nikolaos"]
[Result "0-1"]
[WhiteElo "2570"]
[BlackElo "2410"]

1.d4 Nf6 2.Nf3 e6 3.c4 Bb4+ 4.Nbd2 d5 5.Qa4+ Nc6 6.Ne5 Bd7 7.Nxc6 Bxd2+ 8.Bxd2 Bxc6
9.Qc2 dxc4 10.Qxc4 Ne4 11.Be3 Nd6 12.Qc3 Nf5 13.Bf4 Qxd4 14.Bxc7 Qxc3+ 15.bxc3 O-O
16.Bf4 f6 17.f3 e5 18.e4 Nd6 19.Be3 b6 20.a4 Rfc8 21.a5 Bb5 22.Bxb5 Nxb5
23.axb6 axb6 24.Rxa8 Rxa8 25.Kd2 Rd8+ 26.Kc2 Rc8 27.Bd2 Na3+ 28.Kb3 Nc4 29.Rd1 Kf7
30.Be1 Ke6 31.g4 g6 32.Bf2 Rc7 33.Kb4 f5 34.exf5+ gxf5 35.g5 f4 36.h4 Rc8
37.Rd3 Nd6 38.Rd1 e4 39.fxe4 Nxe4 40.Bd4 Kf5 41.c4 Rd8 42.Rd3 Nc5 43.Rd2 f3
44.h5 Ne6 45.g6 hxg6 46.h6 Nxd4  0-1

[Event "Ano Liosia op"]
[Site "Ano Liosia"]
[Date "1995.??.??"]
[Round "9"]
[White "Grivas, Efstratios"]
[Black "Pavlovic, Milos"]
[Result "0-1"]
[WhiteElo "2460"]
[BlackElo "2505"]

1.d4 Nf6 2.c4 e6 3.Nf3 Bb4+ 4.Nbd2 b6 5.a3 Bxd2+ 6.Qxd2 Bb7 7.e3 O-O 8.Be2 Ne4
9.Qd3 f5 10.O-O Nc6 11.Nd2 Qh4 12.f3 Nf6 13.b4 Rae8 14.Bb2 d6 15.b5 Nd8 16.a4 Nd7
17.a5 e5 18.axb6 axb6 19.Ra7 f4 20.e4 exd4 21.Qxd4 Ne6 22.Qf2 Qxf2+ 23.Kxf2 Nec5
24.Rfa1 Re7 25.Bd4 Rb8 26.g3 Ne6 27.Bc3 Ne5 28.Nb3 Ng6 29.Bf1 Rf7 30.Nd2 Nc5
31.Bh3 fxg3+ 32.hxg3 Bxe4 33.Bd4 Bf5 34.Bxf5 Rxf5 35.Rxc7 Ne6 36.Raa7 Nxd4
37.Rxg7+ Kf8 38.Ke3 Ne6 39.Rxh7 Re8 40.Kd3 Ng5 41.Rhb7 Nxf3 42.Nxf3 Rxf3+
43.Kd4 Ne7 44.g4 Rf4+ 45.Kc3 d5 46.cxd5 Nxd5+ 47.Kd2 Rd4+ 48.Kc2 Re2+ 49.Kc1 Re1+
50.Kc2 Nb4+ 51.Kc3 Rd3+  0-1

[Event "Arhus Sommer"]
[Site "Arhus"]
[Date "1995.??.??"]
[Round "2"]
[White "Jensen, Jacob Bjerre"]
[Black "Holst, Allan"]
[Result "1/2-1/2"]
[WhiteElo "2220"]
[BlackElo "2340"]

1.d4 Nf6 2.c4 e6 3.Nf3 Bb4+ 4.Nbd2 b6 5.e3 Bb7 6.Bd3 O-O 7.O-O d5 8.b3 Nbd7
9.Bb2 c5 10.a3 Bxd2 11.Qxd2 dxc4 12.bxc4 cxd4 13.exd4 Be4 14.Bxe4 Nxe4 15.Qf4 Nef6
16.Rfd1 Re8 17.g4 Rc8 18.g5 Nh5 19.Qg4 g6 20.d5 e5 21.Re1 f5 22.gxf6 Nhxf6
23.Qh4 e4 24.Nd2 b5 25.cxb5 Rc2 26.Bxf6 Qxf6 27.Qxf6 Nxf6 28.Rad1 Rc5 29.d6 Rxb5
30.Nxe4 Nxe4 31.d7 Rd8 32.Rxe4 Kf7 33.Rd3 Rb6 34.Rh3 h5 35.Rf3+ Rf6 36.Rd3 Re6
37.Ra4 a6 38.Rb4 Ke7 39.Rb7 g5 40.Rd5 Kf6 41.Rc7 h4 42.h3 Re5 43.Rc6+ Re6
44.Rxe6+ Kxe6 45.Rxg5 Rxd7 46.Rg6+ Kf5 47.Rxa6 Rg7+ 48.Kf1 Rb7 49.Ra4 Rb3
50.Kg2 Rc3 51.Ra8 Rc7 52.a4 Rg7+ 53.Kf3 Rf7 54.Rg8 Ke5+ 55.Ke3 Rb7 56.Rg5+ Kf6
57.Rg4 Rb3+ 58.Ke2 Rxh3 59.f3 Rh2+ 60.Ke3 h3 61.Rh4 Ra2 62.Rxh3 Rxa4 63.Rh5 Rb4
64.Kf2 Ra4 65.Kg3 Rb4 66.Ra5 Rc4 67.f4 Rc1 68.Kg4  1/2-1/2

[Event "Bad Endbach"]
[Site "Bad Endbach"]
[Date "1995.??.??"]
[Round "?"]
[White "Mikhalevski, Victor"]
[Black "Wahls, Matthias"]
[Result "0-1"]
[WhiteElo "2525"]
[BlackElo "2555"]

1.d4 Nf6 2.c4 e6 3.Nf3 Bb4+ 4.Nbd2 O-O 5.a3 Be7 6.e4 d5 7.e5 Nfd7 8.cxd5 exd5
9.b4 a5 10.b5 c5 11.Bd3 cxd4 12.Nb3 a4 13.Nbxd4 Nc5 14.O-O Nxd3 15.Qxd3 Nd7
16.Nf5 Nc5 17.Nxe7+ Qxe7 18.Qxd5 Nb3 19.Bg5 Qe6 20.Rad1 Qxd5 21.Rxd5 Be6
22.Rd6 h6 23.Be3 Bc4 24.Re1 Bxb5 25.Nh4 Na5 26.Bc5 Nc4 27.Rd5 Rfd8 28.Rxd8+ Rxd8
29.f4 Rd3 30.Rb1 Rb3 31.Rd1 Nxa3 32.Rd8+ Kh7 33.Rf8 Bc4 34.f5 Nc2 35.g4 a3
36.Bxa3 Rxa3 37.e6 Bxe6 38.fxe6 fxe6 39.Nf3 Ne3 40.h3 b5 41.Kf2 b4 42.Rb8 Nd1+
43.Ke2 Re3+ 44.Kxd1 Rxf3 45.Rxb4 Rxh3 46.Ke2 Kg6 47.Kf2 Ra3 48.Rb5 Kf6 49.Rh5 Rd3
50.Ra5 e5 51.Ra7 g6 52.Ra6+ Kg5 53.Re6 Rd4 54.Kf3 Rf4+ 55.Ke3 Rxg4 56.Rxe5+ Kh4
57.Kf3 h5 58.Re1 Rg3+ 59.Kf2 g5 60.Re4+ Kh3  0-1

[Event "Barbera del Valles op"]
[Site "Barbera del Valles"]
[Date "1995.??.??"]
[Round "6"]
[White "Gomez Esteban, Juan Mario"]
[Black "Fernandez, Juan C"]
[Result "1-0"]
[WhiteElo "2425"]
[BlackElo "2410"]

1.d4 Nf6 2.c4 e6 3.Nf3 Bb4+ 4.Nbd2 b6 5.a3 Bxd2+ 6.Bxd2 Bb7 7.Bg5 h6 8.Bh4 d6
9.e3 Nbd7 10.Be2 O-O 11.O-O c5 12.b4 Qc7 13.Nd2 Rfe8 14.f3 a5 15.bxc5 bxc5
16.Bf2 Rab8 17.Rb1 Bc6 18.Qc2 Rxb1 19.Nxb1 Rb8 20.Nc3 cxd4 21.exd4 a4 22.Rb1 Rxb1+
23.Qxb1 Qa5 24.Qb4 Qxb4 25.axb4 a3 26.b5 Bb7 27.Be3 e5 28.dxe5 Nxe5 29.Bc1 d5
30.cxd5 Nxd5 31.Nxd5 Bxd5 32.Bxa3 g5 33.Kf2 f5 34.Ke3 Bb7 35.Kd4 Nd7 36.Bc4+ Kh7
37.Be6  1-0

[Event "Regionalliga SW9495"]
[Site "Bayern"]
[Date "1995.??.??"]
[Round "8"]
[White "Rinkewitz, Werner"]
[Black "Wiesend, Bruno"]
[Result "1/2-1/2"]
[WhiteElo "1860"]
[BlackElo "1915"]

1.d4 Nf6 2.Nf3 e6 3.c4 Bb4+ 4.Nbd2 b6 5.a3 Be7 6.e4 Bb7 7.Bd3 d6 8.O-O Nbd7
9.e5 dxe5 10.dxe5 Ng4 11.Qe2 Ndxe5 12.Nxe5 Nxe5 13.Qxe5 Qxd3 14.Qxc7 Qd7
15.Qxd7+ Kxd7 16.Rd1 Rhd8 17.b3 Bf6 18.Rb1 Ke8 19.Bb2 Bxb2 20.Rxb2 Rd3 21.Rc1 Rad8
22.Nf1 g5 23.f3 h5 24.Rcc2 Rd1 25.Rd2 f5 26.Rxd8+ Rxd8 27.Rd2 Rxd2 28.Nxd2 e5
29.Kf2 Ke7 30.g3 Ke6 31.h4 g4 32.f4 a6 33.fxe5 Kxe5 34.Ke3 b5 35.c5 a5 36.b4 axb4
37.axb4 Bd5 38.Nb1 Be6 39.Nc3 Bd7 40.Ne2 Kd5 41.Kd3 Be8 42.Nf4+ Ke5  1/2-1/2

[Event "Benasque"]
[Site "Benasque"]
[Date "1995.??.??"]
[Round "2"]
[White "Izeta Txabarri, Felix"]
[Black "Garcia Ilundain, David"]
[Result "0-1"]
[WhiteElo "2495"]
[BlackElo "2510"]

1.d4 Nf6 2.Nf3 e6 3.c4 Bb4+ 4.Nbd2 b6 5.a3 Bxd2+ 6.Bxd2 Bb7 7.Bg5 h6 8.Bh4 d6
9.e3 g5 10.Bg3 Ne4 11.Nd2 Nxg3 12.hxg3 Nd7 13.f3 c5 14.Bd3 f5 15.Qc2 Qf6
16.g4 Rf8 17.O-O-O O-O-O 18.gxf5 exf5 19.g4 fxg4 20.Ne4 Qe7 21.Rxh6 Bxe4
22.fxe4 Kb8 23.Qh2 Rf3 24.Rxd6 g3 25.Qh6 Rxe3 26.Bc2 Rc8 27.Re6 Qf7 28.d5 Qf4
29.Kb1 g2 30.Rg6 Rg3 31.Qh2 Ne5 32.Rg7 Qh4 33.Qxh4 gxh4 34.Rxg3 hxg3 35.Rg1 Rf8
36.Rxg2 Rf1+ 37.Ka2 Rf2 38.Rxg3 Rxc2 39.Rg5 Nxc4 40.Kb3 Rc1 41.e5 b5 42.d6 Na5+
43.Ka2 c4 44.e6 Nb3 45.Rxb5+ Kc8  0-1

[Event "Berliner Sommer"]
[Site "Berlin"]
[Date "1995.??.??"]
[Round "2"]
[White "Ionov, Sergey"]
[Black "Weclawski, Doris"]
[Result "1-0"]
[WhiteElo "2525"]
[BlackElo "2080"]

1.d4 Nf6 2.Nf3 e6 3.c4 Bb4+ 4.Nbd2 b6 5.a3 Bxd2+ 6.Bxd2 Bb7 7.Bg5 d6 8.e3 Nbd7
9.Qc2 h6 10.Bh4 e5 11.Rd1 Qe7 12.d5 a5 13.b3 O-O 14.Be2 Rfe8 15.O-O Nf8 16.Nd2 Ng6
17.Bg3 Bc8 18.Rfe1 Bg4 19.f3 Bh5 20.Bd3 Nf8 21.Bf2 Bg6 22.e4 N6d7 23.b4 axb4
24.axb4 Nh7 25.Nb1 Reb8 26.Nc3 f6 27.Nb5 Ndf8 28.c5 bxc5 29.bxc5 Be8 30.c6 Ng6
31.g3 Ng5 32.Kg2 Qd8 33.h4 Nf7 34.Ra1 Ne7 35.Qc3 g6 36.Rxa8 Rxa8 37.Ra1 Rxa1
38.Qxa1 Nxc6 39.dxc6 Bxc6 40.Qa5 Bxb5 41.Qxb5 Kf8 42.Qb7 Qe7 43.Bc4 Nd8 44.Qc8 Kg7
45.Be1 Nf7 46.Ba5  1-0

[Event "Bled op"]
[Site "Bled"]
[Date "1995.??.??"]
[Round "6"]
[White "Kozul, Zdenko"]
[Black "Cebalo, Miso"]
[Result "1/2-1/2"]
[WhiteElo "2570"]
[BlackElo "2570"]

1.d4 Nf6 2.c4 e6 3.Nf3 Bb4+ 4.Nbd2 b6 5.a3 Bxd2+ 6.Qxd2 Bb7 7.e3 O-O 8.Be2 Ne4
9.Qd3 f5 10.O-O a5 11.Nd2 d6 12.f3 Nf6 13.Nb1 Nbd7 14.Nc3 Qe7 15.b3 e5 16.Qc2 c5
17.d5 g6 18.Bd2 Ba6 19.Rae1 Rae8 20.f4 Qg7 21.h3 Re7 22.a4 Rfe8 23.Bf3 exf4
24.exf4 Rxe1 25.Rxe1 Rxe1+ 26.Bxe1 Qe7 27.Bf2 Nf8 28.Nd1 Bc8 29.Ne3 h5 30.Qd3 Qe8
31.Bh4 N8h7 32.Bd1 Kf7 33.Bc2 Kg7 34.Qe2 Bd7 35.Qf3 Kf7 36.Nf1 Bc8 37.Nh2 Bd7
38.Qc3 Bc8 39.Nf3 Bd7 40.Ng5+ Nxg5 41.fxg5 Nh7 42.Bg3 Nxg5 43.Bxd6 Ne4 44.Bxe4 fxe4
45.Kf2 Bf5 46.Qg3 e3+ 47.Qxe3 Qxe3+ 48.Kxe3 Bc2 49.Bc7 Bxb3 50.Kd3 Ke7 51.Bxb6 Kd6
52.Bxa5 Bxa4 53.Bd2 Bb3 54.Bf4+ Kd7 55.Be5 Ba2  1/2-1/2

[Event "Bonn GSK"]
[Site "Bonn"]
[Date "1995.??.??"]
[Round "2"]
[White "Piskov, Yury"]
[Black "Kveinys, Aloyzas"]
[Result "1-0"]
[WhiteElo "2540"]
[BlackElo "2525"]

1.d4 Nf6 2.c4 e6 3.Nf3 Bb4+ 4.Nbd2 b6 5.e3 Bb7 6.Bd3 O-O 7.O-O d5 8.b3 Nbd7
9.Bb2 Ne4 10.Qc2 Ndf6 11.Rad1 Qe7 12.Nb1 c5 13.a3 Ba5 14.Ne5 Rac8 15.f3 Nd6
16.dxc5 bxc5 17.g4 h6 18.h4 Rfd8 19.g5 hxg5 20.hxg5 Nd7 21.Qg2 Nf5 22.Nxd7 Rxd7
23.Bf6 Qd6 24.Kf2 Bc7 25.Bxf5 exf5 26.Rh1 d4 27.Qh3 Qg3+ 28.Qxg3 dxe3+ 29.Ke2 Rxd1
30.Qh3 Rxh1 31.Qxh1 f4 32.Nc3 Bd6 33.Bxg7  1-0

[Event "Budapest FS07 GM"]
[Site "Budapest"]
[Date "1995.??.??"]
[Round "?"]
[White "Gonzalez Garcia, Jose"]
[Black "Petrosian, Karen"]
[Result "0-1"]
[WhiteElo "2375"]
[BlackElo "2400"]

1.d4 Nf6 2.c4 e6 3.Nf3 Bb4+ 4.Nbd2 d5 5.Qa4+ Nc6 6.a3 Be7 7.e3 O-O 8.Qc2 a6
9.Bd3 dxc4 10.Nxc4 h6 11.Bd2 b5 12.Na5 Nxa5 13.Bxa5 Nd5 14.Rc1 Bd6 15.e4 Nf4
16.e5 Be7 17.Bh7+ Kh8 18.Be4 Nd5 19.Bxc7 Qd7 20.O-O Bb7 21.Ba5 Rg8 22.Qd2 Bf8
23.Ne1 f5 24.Bf3 Be7 25.Qd1 g5 26.Nd3 Rg7 27.g3 h5 28.Nc5 Bxc5 29.dxc5 Rag8
30.Qb3 g4 31.Bg2 f4 32.Be4 h4 33.gxh4 Qf7 34.Bxd5 Bxd5  0-1